Development and acceptability of a competency - based module in facilitating learning for teacher education program (Record no. 15639)

MARC details
000 -LEADER
fixed length control field 00502nam a22001337a 4500
082 ## - DEWEY DECIMAL CLASSIFICATION NUMBER
Classification number 371.33
Item number P41d
100 1# - MAIN ENTRY--PERSONAL NAME
Personal name Perciano, Sheryl Ann N.
245 ## - TITLE STATEMENT
Title Development and acceptability of a competency - based module in facilitating learning for teacher education program
260 ## - PUBLICATION, DISTRIBUTION, ETC.
Place of publication, distribution, etc. Morong, Rizal
Name of publisher, distributor, etc. [publisher not identified]
Date of publication, distribution, etc. 2009
300 ## - PHYSICAL DESCRIPTION
Extent 89 leaves
Dimensions 28 cm. Thesis (M.Ed.) - University of Rizal System.
650 ## - SUBJECT ADDED ENTRY--TOPICAL TERM
Topical term or geographic name entry element Teaching -- Aids and devices.
650 ## - SUBJECT ADDED ENTRY--TOPICAL TERM
Topical term or geographic name entry element Facilitating learning.
942 ## - ADDED ENTRY ELEMENTS (KOHA)
Koha item type Theses and dissertations
Holdings
Withdrawn status Damaged status Not for loan Collection code Home library Current library Date acquired Total Checkouts Full call number Barcode Date last seen Price effective from Koha item type
      Reference Morong Graduate Library Morong Graduate Library 02/04/2015   371.33 P41d 2009 URSMOR-GL-04576 02/04/2015 02/27/2019 Theses and dissertations
      Reference Morong Graduate Library Morong Graduate Library 02/04/2015   371.33 P41d 2009 URSMOR-GL-04577 02/04/2015 02/27/2019 Theses and dissertations

University of Rizal System
Email us at univlibservices@urs.edu.ph

Visit our Website www.urs.edu.ph/library